Escuela de Arte Escénico /
Guardat en:
| Autor principal: | |
|---|---|
| Format: | Llibre |
| Idioma: | Spanish |
| Publicat: |
Heredia, Costa Rica
EUNA
2014
|
| Col·lecció: | Colección UNA extensión universitaria ;
número 4 |
| Matèries: | |
| Etiquetes: |
Afegir etiqueta
Sense etiquetes, Sigues el primer a etiquetar aquest registre!
|
MARC
| LEADER | 00000nam a22000007a 4500 | ||
|---|---|---|---|
| 008 | 140627s2014 cr a|||f |||| 000 0 spa d | ||
| 020 | |a 9789977654003 | ||
| 040 | |a cru CIICLA Universidad de Costa Rica | ||
| 082 | |a 792.071.11 |b C413e | ||
| 100 | 1 | |a Cerdas Bokhan, Dora | |
| 245 | 1 | 0 | |a Escuela de Arte Escénico / |c Dora Cerdas Bokhan |
| 260 | |a Heredia, Costa Rica |b EUNA |c 2014 | ||
| 300 | |a 116 páginas : |b ilustraciones a color | ||
| 490 | 0 | |a Colección UNA extensión universitaria ; |v número 4 | |
| 610 | 1 | 7 | |a ESCUELA DE ARTE ESCÉNICO. UNIVERSIDAD NACIONAL (COSTA RICA) |
| 610 | 1 | 7 | |a UNIVERSIDAD NACIONAL (COSTA RICA) |x HISTORIA |
| 650 | 1 | 7 | |a PROFESORES UNIVERSITARIOS |
| 650 | 1 | 7 | |a ARTISTAS |
| 650 | 1 | 7 | |a ACTUACIÓN TEATRAL |
| 650 | 1 | 7 | |a TEATRO |
| 942 | |2 ddc |c BK | ||
| 999 | |c 3333 |d 3333 | ||



